000 02204namaa22003857i 4500
001 768714001
003 CO-MdFUSB
005 20260225153655.0
007 cr aa aaaaa
008 180403s2024 ck ||||| |||| 00| 0 spa dd
040 _aCO-MdFUSB
_bEspañol
_cCO-MdFUSB
_dCO-MdFUSB
041 _aspa
043 _ack
100 _aDelgado Córdoba, David Miguel,
_eautor
245 1 _aLos componentes teológicos y filosóficos fundamentales del ministerio de campamentos cristianos y sus aportes para la iglesia colombiana
_c/ David Miguel Delgado Córdoba ; asesorado por Robert Bruneau
264 1 _aMedellín, Colombia :
_bFUSBC,
_c2024
300 _aRecurso electrónico
336 _2rdacontent
_atexto
_btxt
337 _2rdamedia
_ainformático
_bc
338 _2rdacarrier
_aremoto
_bcr
502 _aTrabajo de grado
_b(Teología) --
_cFundación Universitaria Seminario Bíblico de Colombia,
_d2024
504 _aBibliografía (página 57)
505 _aHistoria de los campamentos cristianos. -- Componente teológico: los grupos pequeños. -- Componente teológico: el aire libre. -- Componente teológico: la recreación. -- Componente teológico: el liderazgo de servicio.
506 _aAcceso en línea
520 _aEn este trabajo se presenta un análisis de los elementos teológicos y filosóficos fundamentales que sustentan el ministerio de campamentos cristianos, con un enfoque particular en su importancia y contribuciones a la iglesia en Colombia. Estos elementos: los grupos pequeños, el uso del aire libre, la recreación y el liderazgo de servicio, son esenciales para entender el impacto que los campamentos pueden tener en la vida de los participantes y en la iglesia en general, no solo desde la perspectiva de recreación y convivencia, sino también cómo herramientas significativas para la formación espiritual y el crecimiento comunitario.
535 _aRecurso en REPCI
650 0 _aLiderazgo
_92014
650 7 _aCreación
_9251
650 7 _aIglesia
_9655
653 _aCampamentos
700 _aBruneau, Robert,
_easesor
_911786
856 _aREPCI
_dhttps://repositorio.repci.co/handle/123456789/763
942 _cTG
999 _c71401
_d71401